000 00564nam a2200229 4500
001 35184
010 _a9789727119288
021 _aPT
090 _a35184
100 _a20221012 frey50
101 0 _apor
102 _aPT
200 1 _aMeditação para crianças
_fIsabel Leal
205 _a2. ed., 1.ª reimp.
210 _aLisboa
_cPergaminho,
_d2010
215 _a150, [2] p.
_e1 CD
_d17 cm
606 _aMeditação
_95285
675 _a133.2-053.2
_vBN
_zpor
700 1 _aLeal,
_bIsabel,
_f1966-
801 0 _aPT
_bRMBL
_gRPC
990 _cLIVROS
994 _aCOMP